[Event "DEN-ch Seniors"]
[Site "Aalborg"]
[Date "2023.02.19"]
[Round "4"]
[White "Johnsen, Oystein"]
[Black "Thuesen, Mogens Henrik"]
[Result "0-1"]
[WhiteElo "1918"]
[BlackElo "2137"]
[PlyCount "78"]
[EventDate "2023.02.19"]
[EventType "swiss"]
[EventRounds "7"]
[EventCountry "DEN"]
[SourceTitle "CBM 213 Extra"]
[Source "ChessBase"]
[SourceDate "2023.05.31"]
[SourceVersion "1"]
[SourceVersionDate "2023.05.31"]
[SourceQuality "1"]

1. d4 d5 2. Bf4 c5 3. e3 cxd4 4. exd4 Nc6 5. c3 Bf5 6. Nf3 f6 7. Nh4 Be6 8. Nf3 g5 9. Be3 Nh6 10. Bd3 Qd7 11. Na3 Bf5 12. Nc2 e6 13. Qe2 Bxd3 14. Qxd3 Nf5 15. 0-0-0 0-0-0 16. h3 h5 17. Kb1 Bd6 18. Bc1 g4 19. hxg4 hxg4 20. Nd2 Qf7 21. Nb3 Rh5 22. Ne3 Nxe3 23. Bxe3 Rdh8 24. Rxh5 Qxh5 25. g3 Qh7 26. Qxh7 Rxh7 27. Nc1 Kd7 28. Ne2 Rh2 29. b4 Ne7 30. Rf1 Nf5 31. Bf4 e5 32. dxe5 fxe5 33. Bg5 Bc7 34. Nc1 e4 35. Ne2 Kc6 36. Nf4 Bxf4 37. Bxf4 Kb5 38. Bb8 a6 39. Ba7 Kc4 0-1

[Event "WchT Seniors 65"]
[Site "Prague"]
[Date "2020.03.10"]
[Round "5.15"]
[White "Johnsen, Oystein"]
[Black "Huss, Andreas"]
[Result "0-1"]
[WhiteElo "1971"]
[BlackElo "2253"]
[PlyCount "75"]
[EventDate "2020.03.06"]
[EventType "team-swiss"]
[EventRounds "7"]
[EventCountry "CZE"]
[SourceTitle "CBM 195 Extra"]
[Source "ChessBase"]
[SourceDate "2020.05.31"]
[SourceVersion "1"]
[SourceVersionDate "2020.05.31"]
[SourceQuality "1"]
[WhiteTeam "Norway 65 II"]
[BlackTeam "Switzerland 65"]
[WhiteTeamCountry "NOR"]
[BlackTeamCountry "SUI"]

1. d4 Nf6 2. Nf3 e6 3. Bf4 b6 4. e3 Bb7 5. h3 Bd6 6. Bxd6 cxd6 7. Nbd2 0-0 8. Bd3 d5 9. 0-0 Ne4 10. c4 Nxd2 11. Nxd2 dxc4 12. Nxc4 Qe7 13. Rc1 d6 14. f4 Nd7 15. Qe2 f5 16. Nd2 Nf6 17. Ba6 Rac8 18. Bxb7 Qxb7 19. Kh2 h6 20. Rc3 Rxc3 21. bxc3 Rc8 22. Rc1 d5 23. Qb5 Qc6 24. Qb2 Ne4 25. Nxe4 fxe4 26. g4 Qc4 27. Kg2 b5 28. a3 a5 29. Kf2 b4 30. axb4 axb4 31. Qe2 Qc6 32. g5 hxg5 33. Qg4 gxf4 34. Rg1 fxe3+ 35. Kg2 bxc3 36. Kh1 Qd7 37. h4 c2 38. Rc1 0-1

[Event "WchT Seniors 65"]
[Site "Prague"]
[Date "2020.03.08"]
[Round "3.25"]
[White "Johnsen, Oystein"]
[Black "Fleuch, Hans Juergen"]
[Result "1-0"]
[WhiteElo "1971"]
[BlackElo "1948"]
[PlyCount "69"]
[EventDate "2020.03.06"]
[EventType "team-swiss"]
[EventRounds "7"]
[EventCountry "CZE"]
[SourceTitle "CBM 195 Extra"]
[Source "ChessBase"]
[SourceDate "2020.05.31"]
[SourceVersion "1"]
[SourceVersionDate "2020.05.31"]
[SourceQuality "1"]
[WhiteTeam "Norway 65 II"]
[BlackTeam "Germany 65 X"]
[WhiteTeamCountry "NOR"]
[BlackTeamCountry "GER"]

1. d4 d6 2. c4 Nf6 3. Nc3 g6 4. e4 Bg7 5. h3 0-0 6. Nf3 Na6 7. Be2 e5 8. dxe5 dxe5 9. Be3 Qxd1+ 10. Rxd1 Re8 11. a3 c6 12. 0-0 Nh5 13. Rfe1 Nf4 14. Bf1 h6 15. Kh2 Nc7 16. g3 Nfe6 17. c5 Nf8 18. Nd2 Be6 19. Bc4 Red8 20. Bxe6 Nfxe6 21. Nc4 Nd4 22. Kg2 Nce6 23. b4 Nc2 24. Rxd8+ Rxd8 25. Rd1 Rxd1 26. Nxd1 Ned4 27. Nc3 Nxe3+ 28. fxe3 Ne6 29. Na5 Nd8 30. Na4 Bf6 31. Nc4 Kf8 32. Nab2 Ke7 33. Nd6 Kd7 34. Nbc4 Kc7 35. Ne8+ 1-0

[Event "DEN-ch Seniors 65"]
[Site "Logumkloster"]
[Date "2020.02.12"]
[Round "4"]
[White "Fjordside, Arne Dan"]
[Black "Johnsen, Oystein"]
[Result "1/2-1/2"]
[WhiteElo "1782"]
[BlackElo "1996"]
[PlyCount "89"]
[EventDate "2020.02.09"]
[EventType "swiss"]
[EventRounds "7"]
[EventCountry "DEN"]
[SourceTitle "EXT 2021"]
[Source "ChessBase"]
[SourceDate "2020.10.23"]
[SourceVersion "1"]
[SourceVersionDate "2020.10.23"]
[SourceQuality "1"]

1. d4 d5 2. Bf4 Nf6 3. e3 e6 4. Nd2 Bd6 5. Bg3 0-0 6. Bd3 c5 7. c3 Qc7 8. Ngf3 Nbd7 9. Bxd6 Qxd6 10. 0-0 e5 11. dxe5 Nxe5 12. Nxe5 Qxe5 13. Nf3 Qc7 14. h3 Ne4 15. Qc2 f5 16. c4 Be6 17. cxd5 Bxd5 18. Bc4 Bxc4 19. Qxc4+ Qf7 20. Qxf7+ Rxf7 21. Rfd1 Rc8 22. Rd5 g6 23. Rad1 Rfc7 24. Kf1 Nf6 25. Rd6 Ne4 26. R6d5 Kf8 27. Ke2 c4 28. Rd8+ Rxd8 29. Rxd8+ Ke7 30. Rh8 Nf6 31. Nd4 a6 32. g4 fxg4 33. hxg4 Kd6 34. Rd8+ Rd7 35. Rxd7+ Kxd7 36. g5 Ne4 37. f4 c3 38. b3 c2 39. Nxc2 Nc3+ 40. Kd3 Nxa2 41. Nd4 b5 42. Nf3 Kd6 43. Nd4 Nb4+ 44. Ke4 Nd5 45. Kd3 1/2-1/2

[Event "Helsingor Xtracon op"]
[Site "Helsingor"]
[Date "2019.07.25"]
[Round "7"]
[White "Johnsen, Oystein"]
[Black "Matthiesen, Martin"]
[Result "0-1"]
[WhiteElo "1994"]
[BlackElo "2239"]
[PlyCount "70"]
[EventDate "2019.07.20"]
[EventType "swiss"]
[EventRounds "10"]
[EventCountry "DEN"]
[SourceTitle "CBM 191 Extra"]
[Source "ChessBase"]
[SourceDate "2019.09.30"]
[SourceVersion "1"]
[SourceVersionDate "2019.09.30"]
[SourceQuality "1"]

1. d4 Nf6 2. Nf3 d5 3. Bf4 c5 4. e3 Nc6 5. c3 Qb6 6. dxc5 Qxb2 7. Nbd2 Qxc3 8. Rc1 Qa5 9. Be2 Ne4 10. Qb3 e6 11. Qb2 Be7 12. Bb5 0-0 13. Bxc6 bxc6 14. 0-0 Bf6 15. Qc2 Nxd2 16. Nxd2 e5 17. Bg3 Ba6 18. Rfe1 Rab8 19. Nb3 Qa4 20. f3 g6 21. Rb1 Rb4 22. Qd2 Bc4 23. Na5 Rb5 24. Nxc4 Qxc4 25. Rbc1 Qa4 26. f4 exf4 27. Bxf4 Rb2 28. Qd1 Rxa2 29. Qf3 Re8 30. Rf1 Qe4 31. Qg3 a5 32. Rf3 Ra1 33. Rcf1 Rxf1+ 34. Rxf1 a4 35. Qf2 Bg7 0-1

[Event "NOR-chT Club"]
[Site "Drammen"]
[Date "2019.05.30"]
[Round "6"]
[White "Johnsen, Oystein"]
[Black "Strand, Andreas"]
[Result "1-0"]
[WhiteElo "1995"]
[BlackElo "1920"]
[PlyCount "69"]
[EventDate "2019.05.30"]
[EventType "team-swiss"]
[EventRounds "6"]
[EventCountry "NOR"]
[SourceTitle "CBM 190 Extra"]
[Source "ChessBase"]
[SourceDate "2019.07.15"]
[SourceVersion "1"]
[SourceVersionDate "2019.07.15"]
[SourceQuality "1"]
[WhiteTeam "Tonsberg"]
[BlackTeam "Modum"]
[WhiteTeamCountry "NOR"]
[BlackTeamCountry "NOR"]

1. d4 d5 2. Bf4 Nf6 3. e3 e6 4. Nf3 Be7 5. Bd3 0-0 6. Nbd2 a5 7. Ne5 c5 8. c3 Nbd7 9. Qf3 c4 10. Bc2 Nxe5 11. dxe5 Nd7 12. Qg3 f5 13. h4 b5 14. Nf3 Nc5 15. Bg5 Bd7 16. Nd4 b4 17. Bxe7 Qxe7 18. f4 Rfb8 19. Qf3 bxc3 20. bxc3 Rb2 21. Nxf5 Qe8 22. Nd6 Qf8 23. Qd1 a4 24. 0-0 g6 25. h5 Qg7 26. hxg6 hxg6 27. Rf3 a3 28. Rg3 Ba4 29. Bxa4 Nxa4 30. e4 Qa7+ 31. Kh2 Kf8 32. Qg4 Ke7 33. Rh3 Qf2 34. Rh7+ Kd8 35. Qg5# 1-0

[Event "Budapest FS12 Nadassy"]
[Site "Budapest"]
[Date "2018.12.07"]
[Round "6.5"]
[White "Johnsen, Oystein"]
[Black "Szalanczy, Emil"]
[Result "0-1"]
[WhiteElo "2013"]
[BlackElo "2161"]
[PlyCount "38"]
[EventDate "2018.12.01"]
[EventType "schev"]
[EventRounds "10"]
[EventCountry "HUN"]
[SourceTitle "EXT 2020"]
[Source "ChessBase"]
[SourceDate "2019.10.17"]
[SourceVersion "1"]
[SourceVersionDate "2019.10.17"]
[SourceQuality "1"]
[WhiteTeam "B Team Lower Elo"]
[BlackTeam "A Team Higher Elo"]
[WhiteTeamCountry "HUN"]
[BlackTeamCountry "HUN"]

1. d4 c5 2. e3 Nf6 3. Nf3 g6 4. Be2 Bg7 5. 0-0 b6 6. c3 0-0 7. Nbd2 d6 8. e4 Bb7 9. d5 Na6 10. Rb1 Nc7 11. c4 e5 12. b4 cxb4 13. Rxb4 Na6 14. Rb1 Nc5 15. Qc2 Bc8 16. Ba3 Qc7 17. Ne1 Bh6 18. f3 Bd7 19. Kf2 Bxd2 0-1

[Event "Bad Woerishofen op 34th"]
[Site "Bad Woerishofen"]
[Date "2018.03.01"]
[Round "7"]
[White "Johnsen, Oystein"]
[Black "Lange, Manfred"]
[Result "1-0"]
[WhiteElo "1991"]
[BlackElo "2061"]
[PlyCount "83"]
[EventDate "2018.02.23"]
[EventType "swiss"]
[EventRounds "9"]
[EventCountry "GER"]
[SourceTitle "EXT 2019"]
[Source "ChessBase"]
[SourceDate "2018.10.10"]
[SourceVersion "1"]
[SourceVersionDate "2018.10.10"]
[SourceQuality "1"]

1. d4 Nf6 2. Bf4 e6 3. e3 b6 4. Nd2 Bb7 5. h3 Be7 6. Ngf3 0-0 7. Bd3 d5 8. 0-0 Nbd7 9. Ne5 Nxe5 10. dxe5 Ne4 11. c3 Bg5 12. Bh2 c5 13. Nf3 Be7 14. Qe2 Qc7 15. Rad1 Rad8 16. Nd2 Qc8 17. f3 Nxd2 18. Rxd2 Rd7 19. f4 g6 20. f5 Bg5 21. f6 d4 22. Bf4 dxc3 23. bxc3 c4 24. Bc2 Rxd2 25. Qxd2 Rd8 26. Qf2 Bxf4 27. exf4 Qc6 28. Rd1 Rxd1+ 29. Bxd1 Qd7 30. Bf3 h5 31. Bxh5 Qd3 32. Bf3 Bxf3 33. Qxf3 Qxf3 34. gxf3 Kh7 35. Kf2 Kh6 36. Ke3 Kh5 37. Kd4 Kh4 38. Kxc4 Kg3 39. Kb5 Kxf3 40. Kc6 Kxf4 41. Kd6 g5 42. Ke7 1-0

[Event "DEN-ch Seniors 65+"]
[Site "Logumkloster"]
[Date "2017.02.17"]
[Round "6"]
[White "Larsen, Finn1"]
[Black "Johnsen, Oystein"]
[Result "0-1"]
[WhiteElo "1698"]
[BlackElo "1983"]
[PlyCount "40"]
[EventDate "2017.02.12"]
[EventType "swiss"]
[EventRounds "7"]
[EventCountry "DEN"]
[SourceTitle "EXT 2018"]
[Source "ChessBase"]
[SourceDate "2017.10.13"]
[SourceVersion "1"]
[SourceVersionDate "2017.10.13"]
[SourceQuality "1"]

1. c4 Nf6 2. Nc3 c6 3. Nf3 d5 4. cxd5 cxd5 5. d4 Nc6 6. Bg5 Ne4 7. Bd2 Nxd2 8. Qxd2 Bf5 9. e3 e6 10. Be2 Rc8 11. 0-0 Bd6 12. a3 g5 13. b4 g4 14. Ne1 h5 15. Nd3 Bxd3 16. Bxd3 Qh4 17. g3 Qg5 18. Ne2 h4 19. f4 gxf3 20. Rxf3 hxg3 0-1

[Event "DEN-ch Seniors 65+"]
[Site "Logumkloster"]
[Date "2017.02.15"]
[Round "4"]
[White "Rendlev, Niels Moller"]
[Black "Johnsen, Oystein"]
[Result "1-0"]
[WhiteElo "1800"]
[BlackElo "1983"]
[PlyCount "151"]
[EventDate "2017.02.12"]
[EventType "swiss"]
[EventRounds "7"]
[EventCountry "DEN"]
[SourceTitle "EXT 2018"]
[Source "ChessBase"]
[SourceDate "2017.10.13"]
[SourceVersion "1"]
[SourceVersionDate "2017.10.13"]
[SourceQuality "1"]

1. Nf3 d5 2. g3 Nf6 3. Bg2 c6 4. d4 Bf5 5. 0-0 h6 6. c4 e6 7. b3 Be7 8. Bb2 0-0 9. Nc3 Bh7 10. Rc1 a6 11. e3 Nbd7 12. Qe2 Qc7 13. Nd2 Rad8 14. cxd5 exd5 15. Nxd5 Nxd5 16. Bxd5 Qa5 17. Be4 f5 18. Bb1 Bf6 19. Nc4 Qd5 20. Bd3 b5 21. Rfd1 Rfe8 22. Ne5 Bxe5 23. dxe5 Qe6 24. f4 Kh8 25. Ba3 Nb6 26. Bd6 Rc8 27. e4 fxe4 28. Bxe4 Bxe4 29. Qxe4 Nd5 30. Qf3 g6 31. Kg2 Red8 32. Re1 h5 33. h3 Kg7 34. Re2 b4 35. Rc4 a5 36. Kh2 Nc3 37. Rxc6 Qf5 38. Rxc8 Rxc8 39. Qb7+ Kh6 40. Rg2 Nd1 41. Be7 g5 42. Bxg5+ Kg6 43. Qa6+ Kh7 44. Qb7+ Kg6 45. Qb6+ Kh7 46. Rd2 Rc2 47. Qb7+ Kg6 48. Qb6+ Kh7 49. Qd8 Ne3 50. Qe7+ Kg8 51. Qe8+ Kh7 52. Qxh5+ Kg8 53. Qe8+ Kh7 54. Qe7+ Kg8 55. Qd8+ Kh7 56. Kg1 Rxd2 57. Qxd2 Qb1+ 58. Kf2 Nd1+ 59. Kf3 Nc3 60. Qd7+ Kg8 61. Bf6 Qe4+ 62. Kg4 Qg6+ 63. Bg5 Ne4 64. Qd8+ Kh7 65. Qd7+ Kg8 66. Qd5+ Kh7 67. Kf3 Nxg5+ 68. fxg5 Qf5+ 69. Ke3 Qxg5+ 70. Ke4 Qg6+ 71. Kd4 Qb6+ 72. Qc5 Qd8+ 73. Qd5 Qc8 74. e6 Qc3+ 75. Ke4 Qe1+ 76. Kf4 1-0

[Event "DEN-ch Seniors 65+"]
[Site "Logumkloster"]
[Date "2017.02.14"]
[Round "3"]
[White "Johnsen, Oystein"]
[Black "Sorensen, Bent"]
[Result "0-1"]
[WhiteElo "1983"]
[BlackElo "2255"]
[PlyCount "68"]
[EventDate "2017.02.12"]
[EventType "swiss"]
[EventRounds "7"]
[EventCountry "DEN"]
[SourceTitle "EXT 2018"]
[Source "ChessBase"]
[SourceDate "2017.10.13"]
[SourceVersion "1"]
[SourceVersionDate "2017.10.13"]
[SourceQuality "1"]

1. d4 d5 2. Bf4 e6 3. e3 Bd6 4. Bg3 Qe7 5. Nf3 Nd7 6. c3 c6 7. Ne5 Nh6 8. f4 0-0 9. Nd2 f6 10. Nxd7 Bxd7 11. Be2 e5 12. 0-0 Nf5 13. Bf2 exf4 14. exf4 Bxf4 15. Bd3 Qd6 16. Nf3 Rae8 17. Qc2 g6 18. Rae1 Be3 19. Kh1 Bxf2 20. Qxf2 Qf4 21. g3 Qh6 22. g4 Nd6 23. Rxe8 Rxe8 24. g5 fxg5 25. Ne5 Bf5 26. Bxf5 gxf5 27. Rg1 Qf6 28. Qh4 h6 29. Qh5 Re7 30. Rf1 Kg7 31. Qh3 f4 32. Qh5 Nf7 33. Ng4 Qf5 34. Nf2 Re3 0-1

[Event "EU-chT Seniors 65"]
[Site "Chalkidiki"]
[Date "2016.04.23"]
[Round "5.3"]
[White "Nickl, Klaus"]
[Black "Johnsen, Oystein"]
[Result "1-0"]
[WhiteElo "2069"]
[BlackElo "2011"]
[PlyCount "105"]
[EventDate "2016.04.19"]
[EventType "team-tourn"]
[EventRounds "9"]
[EventCountry "GRE"]
[SourceTitle "CBM 172 Extra"]
[Source "ChessBase"]
[SourceDate "2016.06.21"]
[SourceVersion "1"]
[SourceVersionDate "2016.06.21"]
[SourceQuality "1"]
[WhiteTeam "Steiermark"]
[BlackTeam "Norway"]
[WhiteTeamCountry "AUT"]
[BlackTeamCountry "NOR"]

1. Nf3 Nf6 2. d4 d5 3. Bf4 g6 4. h3 Bg7 5. e3 0-0 6. Nbd2 Nbd7 7. Be2 Re8 8. 0-0 c5 9. c3 a6 10. Ne5 Nxe5 11. Bxe5 Nd7 12. Bxg7 Kxg7 13. Nf3 e5 14. dxc5 e4 15. Qd4+ Kg8 16. Nh2 Ne5 17. f4 Nc6 18. Qd2 h5 19. b4 Be6 20. Rad1 Ne7 21. g4 hxg4 22. hxg4 Kg7 23. Rf2 Rh8 24. Qd4+ f6 25. g5 Nc6 26. Qxf6+ Qxf6 27. gxf6+ Kxf6 28. Rg2 Rh3 29. Kf2 Rah8 30. Ng4+ Kg7 31. a3 Ne7 32. Ne5 Rh2 33. Rdg1 Kf6 34. Bg4 Nf5 35. Be2 Ne7 36. Ng4+ Bxg4 37. Bxg4 Rxg2+ 38. Kxg2 b6 39. cxb6 Rb8 40. c4 dxc4 41. Be2 Rxb6 42. Rc1 Nd5 43. Kf2 g5 44. fxg5+ Kxg5 45. Bxc4 Rf6+ 46. Ke2 Rd6 47. Bxd5 Rxd5 48. Rc5 Rxc5 49. bxc5 Kf5 50. Kd2 Ke5 51. Kc3 Kd5 52. Kb4 a5+ 53. Kb5 1-0

[Event "NOR-chB"]
[Site "Oslo"]
[Date "2015.07.11"]
[Round "9"]
[White "Andersen, Per Oscar"]
[Black "Johnsen, Oystein"]
[Result "0-1"]
[WhiteElo "1926"]
[BlackElo "1985"]
[PlyCount "62"]
[EventDate "2015.07.04"]
[EventType "swiss"]
[EventRounds "9"]
[EventCountry "NOR"]
[SourceTitle "EXT 2017"]
[Source "ChessBase"]
[SourceDate "2016.10.25"]
[SourceVersion "1"]
[SourceVersionDate "2016.10.25"]
[SourceQuality "1"]

1. Nf3 Nf6 2. d4 e6 3. e3 d5 4. Bd3 Bd6 5. b3 c5 6. Bb2 Nc6 7. 0-0 Qc7 8. c4 cxd4 9. exd4 0-0 10. Nc3 a6 11. Rc1 Bf4 12. Rb1 b6 13. a3 Bb7 14. Re1 Rad8 15. Ne2 Bd6 16. Ng3 Qe7 17. c5 bxc5 18. dxc5 Bxc5 19. Nf5 Qc7 20. Bxf6 gxf6 21. Ne5 exf5 22. Bxf5 fxe5 23. Bxh7+ Kg7 24. b4 Bxf2+ 25. Kxf2 f5 26. Qh5 Qf7 27. Qg5+ Kxh7 28. Rb3 Qg6 29. Qc1 f4 30. h4 Nd4 31. Qc7+ Qg7 0-1

[Event "Sachsen-Anhalt-ch Seniors 23rd"]
[Site "Halberstadt"]
[Date "2015.06.04"]
[Round "5"]
[White "Fleischer, Martin"]
[Black "Johnsen, Oystein"]
[Result "0-1"]
[WhiteElo "1680"]
[BlackElo "1974"]
[PlyCount "110"]
[EventDate "2015.05.31"]
[EventType "swiss"]
[EventRounds "7"]
[EventCountry "GER"]
[SourceTitle "EXT 2018"]
[Source "ChessBase"]
[SourceDate "2017.10.13"]
[SourceVersion "1"]
[SourceVersionDate "2017.10.13"]
[SourceQuality "1"]

1. d4 f5 2. Nf3 Nf6 3. Nc3 g6 4. Ng5 Bg7 5. h4 b6 6. e3 Bb7 7. Nh3 e6 8. Nf4 c6 9. b3 b5 10. Ba3 Qa5 11. Bb2 Ne4 12. Nfe2 Na6 13. a3 Rf8 14. f3 Nf6 15. b4 Qc7 16. Rh3 d6 17. Qd3 Qe7 18. 0-0-0 Nc7 19. e4 fxe4 20. fxe4 Ng4 21. Rf3 Nf2 22. Rxf2 Rxf2 23. Qg3 Qf8 24. Ng1 Rxf1 25. Nf3 Rxd1+ 26. Nxd1 0-0-0 27. Kb1 Bh6 28. Qe1 Rd7 29. Nf2 Rf7 30. Ng4 Bg7 31. Qe3 h5 32. Nf2 Bh6 33. Qd3 d5 34. e5 Rf5 35. Nh3 Kb8 36. Bc3 Na8 37. Be1 Nb6 38. Ka2 Nc4 39. Kb3 a5 40. c3 Bc8 41. Qe2 Qe7 42. Bf2 Qa7 43. Qa2 Bc1 44. a4 Ba3 45. axb5 cxb5 46. bxa5 Qxa5 47. Kc2 Qa4+ 48. Qb3 Be7 49. Nhg1 Ba6 50. Be1 Ba3 51. Bf2 Bb2 52. Ne2 Qa1 53. Qb4 Qa4+ 54. Qb3 Ba1 55. Bg1 Na3+ 0-1